Propiedades de dos suelos frutícolas en el valle medio del Río Colorado /

Guardado en:
Autor Principal: Sieben, Diego Alberto.
Autor Corporativo: Universidad Nacional del Sur. Departamento de Agronomía.
Otros Autores: Guevara, Gonzalo Sebastián.
Formato: Libro
Idioma:Spanish
Publicado: Bahía Blanca, 2004.
Etiquetas: Agregar Etiqueta
Sin Etiquetas, Sea el primero en etiquetar este registro!
LEADER 00840nam a22001815a 4500
001 EEA.libagro007166
005 20180601100009.0
008 130809s2004####ag#a##########000#0#spa#d
082 0 4 |a 631.4782 
100 1 |a Sieben, Diego Alberto. 
245 1 0 |a Propiedades de dos suelos frutícolas en el valle medio del Río Colorado /  |c Diego Alberto Sieben, Gonzalo Sebastián Guevara. 
260 |a Bahía Blanca,  |c 2004. 
300 |a 1 v. (sin paginar) :  |b il. ;  |c 31 cm. 
500 |a Trabajo final (Técnico Superior Agrario en Suelos y Aguas) -- Universidad Nacional del Sur. Departamento de Agronomía, 2004. 
700 1 |a Guevara, Gonzalo Sebastián. 
710 2 |a Universidad Nacional del Sur.  |b Departamento de Agronomía. 
859 |a AR-BbBCA  |b BIB. AGRONOMIA  |h 631.4782  |i S571  |p 2004/4537 
859 |a AR-BbBCA  |b BIB. AGRONOMIA  |h 631.4782  |i S571  |p 2004/4538  |t Ej.2